000 00690nam a22002177a 4500
005 20241008143435.0
008 241008b |||||||| |||| 00| 0 sp d
020 _a9684750102
040 _aECC
_bspa
_cECC
_dECC
_eRCA2
082 _a001.42 A543:3
100 _aAnder-Egg, Ezequiel
_95262
245 _aMetodología del trabajo social /
_cEzequiel Ander-Egg.--
250 _a3 ed. corregida y aumentada.--
260 _aMéxico :
_bEl Ateneo,
_c1990
300 _a244 p. :
_bil. ;
_c22 cm.
650 _aTrabajo Social
_xInvestigación
_910094
650 _aInvestigación Social
_9963
650 _aMétodos de investigación
_96204
942 _2ddc
_cBK
_k001.42 A543:3
_n0
999 _c3860
_d3860